[Event "Wch Rapid (Women)"]
[Site "Samarkand"]
[Date "2023.12.27"]
[Round "6"]
[White "Kovanova, Baira"]
[Black "Shohradova, Leyla"]
[Result "1-0"]
[WhiteElo "2337"]
[BlackElo "1948"]
[PlyCount "79"]
[EventDate "2023.12.26"]
[EventType "swiss (rapid)"]
[EventRounds "11"]
[EventCountry "UZB"]
[SourceTitle "CB01_2024"]
[SourceDate "2024.01.03"]
[SourceVersion "1"]
[SourceVersionDate "2024.01.03"]
[SourceQuality "1"]

1. e4 e6 2. d4 d5 3. e5 c5 4. c3 Nc6 5. Nf3 Qb6 6. a3 cxd4 7. cxd4 a5 8. Nc3 Bd7 9. Na4 Qa7 10. Be3 Nge7 11. Bd3 Ng6 12. h4 Be7 13. h5 Nf8 14. 0-0 Bc8 15. Nc3 Nd7 16. Nb5 Qb6 17. Rc1 0-0 18. Qc2 h6 19. Qd2 f6 20. exf6 Nxf6 21. Bf4 Qd8 22. Bg6 Bd7 23. Rfe1 Be8 24. Qe3 Bxg6 25. hxg6 Ne4 26. Nc7 Bd6 27. Bxd6 Qxd6 28. Nxa8 Rxa8 29. Ne5 Rf8 30. Nf7 Qe7 31. f3 Nf6 32. Ne5 Nd8 33. Rc8 Nh5 34. Nf7 Qh4 35. Rxd8 Nf4 36. Rxf8+ Kxf8 37. Qe5 Nxg6 38. Qd6+ Kg8 39. Qd8+ Qxd8 40. Nxd8 1-0

[Event "Wch Rapid (Women)"]
[Site "Samarkand"]
[Date "2023.12.26"]
[Round "4"]
[White "Ovezdurdiyeva, Jemal"]
[Black "Kovanova, Baira"]
[Result "0-1"]
[WhiteElo "2057"]
[BlackElo "2337"]
[PlyCount "66"]
[EventDate "2023.12.26"]
[EventType "swiss (rapid)"]
[EventRounds "11"]
[EventCountry "UZB"]
[SourceTitle "CB01_2024"]
[SourceDate "2024.01.03"]
[SourceVersion "1"]
[SourceVersionDate "2024.01.03"]
[SourceQuality "1"]

1. d4 Nf6 2. c4 e6 3. Nc3 d5 4. cxd5 exd5 5. Bg5 c6 6. e3 Be7 7. Bd3 h6 8. Bh4 0-0 9. Nge2 Re8 10. 0-0 Nbd7 11. Qc2 Nf8 12. f3 Ne6 13. Rad1 b5 14. Bf5 Bd7 15. e4 b4 16. Na4 dxe4 17. fxe4 Ng5 18. Bxg5 hxg5 19. Bxd7 Qxd7 20. Ng3 Bf8 21. Rf5 g4 22. Kh1 Nxe4 23. Rf4 Nxg3+ 24. hxg3 Re3 25. Qf2 Rae8 26. Rf1 Re2 27. Qg1 R8e6 28. Rxg4 Be7 29. Qh2 Qd5 30. Rg1 f5 31. Rh4 Bxh4 32. gxh4 Qxd4 33. Qh3 Re1 0-1

[Event "Ugra-Mongolia (Women) m"]
[Site "Khanty-Mansiysk"]
[Date "2023.12.11"]
[Round "3.1"]
[White "Kovanova, Baira"]
[Black "Bayarmaa, Bayarjargal"]
[Result "1/2-1/2"]
[WhiteElo "2337"]
[BlackElo "2091"]
[PlyCount "120"]
[EventDate "2023.12.11"]
[EventType "schev (rapid)"]
[EventRounds "6"]
[EventCountry "RUS"]
[SourceTitle "CB51_2023"]
[SourceDate "2023.12.20"]
[SourceVersion "1"]
[SourceVersionDate "2023.12.20"]
[SourceQuality "1"]
[WhiteTeam "Ugra"]
[BlackTeam "Mongolia"]
[WhiteTeamCountry "RUS"]
[BlackTeamCountry "MGL"]

1. e4 c5 2. Nf3 d6 3. d4 cxd4 4. Nxd4 Nf6 5. Nc3 a6 6. Be3 e6 7. Be2 Nbd7 8. 0-0 Be7 9. a4 Qc7 10. f4 b6 11. Bf3 Bb7 12. Kh1 0-0 13. Qe2 Rfe8 14. Bf2 Bf8 15. Bh4 Rac8 16. Rad1 Qc4 17. Qf2 Qb4 18. Rb1 Rxc3 19. bxc3 Qxa4 20. e5 Nd5 21. Rb4 Nxb4 22. Bxb7 Nc5 23. Bf3 Nd5 24. f5 Qd7 25. fxe6 fxe6 26. c4 dxe5 27. Nxe6 Nf4 28. Nxf8 Rxf8 29. Bd5+ Nce6 30. Bf3 Qd4 31. Rd1 Qxc4 32. Qxb6 Qxc2 33. Re1 Qc5 34. Qxa6 Nd4 35. Be4 Rb8 36. h3 Qc3 37. Qd6 Re8 38. Qd7 Qc8 39. Qa4 Rf8 40. Kh2 Qc3 41. Qa2+ Kh8 42. Qb1 h6 43. Rc1 Qe3 44. Re1 Nfe2 45. Qd3 Qf4+ 46. Bg3 Nxg3 47. Qxg3 Qxg3+ 48. Kxg3 Re8 49. h4 Kg8 50. Bd5+ Kh7 51. h5 Re7 52. Be4+ Kg8 53. Bg6 Nc6 54. Rc1 Re6 55. Be4 Ne7 56. Rc7 Kf8 57. Ra7 Rd6 58. Kf3 Kf7 59. Bg6+ Kf6 60. Be8 Rb6 1/2-1/2

[Event "Khanty-Mansiysk TOP 28 Blitz GP (Women)"]
[Site "Khanty-Mansiysk"]
[Date "2023.12.04"]
[Round "6"]
[White "Goltseva, Ekaterina"]
[Black "Kovanova, Baira"]
[Result "0-1"]
[WhiteElo "2331"]
[BlackElo "2337"]
[PlyCount "59"]
[EventDate "2023.12.04"]
[EventType "tourn (blitz)"]
[EventRounds "13"]
[EventCountry "RUS"]
[SourceTitle "CB49_2023"]
[SourceDate "2023.12.06"]
[SourceVersion "1"]
[SourceVersionDate "2023.12.06"]
[SourceQuality "1"]

1. d4 Nf6 2. c4 e6 3. Nc3 d5 4. Nf3 Nbd7 5. cxd5 exd5 6. Bf4 Nb6 7. e3 Bd6 8. Bg5 h6 9. Bh4 Be7 10. Bd3 0-0 11. Ne5 Nfd7 12. Bg3 Nxe5 13. dxe5 Re8 14. 0-0 c6 15. Qh5 Nd7 16. Rad1 Nf8 17. f4 Qb6 18. Qe2 a5 19. Bf2 a4 20. e4 d4 21. Bc4 Bc5 22. Nb1 Be6 23. Nd2 Qxb2 24. Bxe6 Nxe6 25. f5 Nf4 26. Qf3 g5 27. fxg6 Nxg6 28. Nc4 Qc3 29. Qe2 d3 30. Qxd3 0-1